| 000 | 00538nam a2200181 a 4500 | ||
|---|---|---|---|
| 001 | Rebiun00713708 | ||
| 003 | AR-RoIUNI | ||
| 005 | 20190606125605.0 | ||
| 008 | 930708s1971 ag a 000 spa | ||
| 040 |
_aSpMaUCME _cIUNIR |
||
| 080 | _a616.33/.34 | ||
| 245 | 0 | 0 |
_aGastroenterología / _cDirectores y autores Victor Pérez... [et al.] |
| 260 |
_aBuenos Aires ; _aMadrid [etc.] : _bEl Ateneo, _c1971 |
||
| 300 |
_aXII, 674 p. : _bil. ; _c26 cm |
||
| 650 | 0 | 4 |
_aGastroenterología _9314 |
| 700 | 1 | _aPérez, Víctor | |
| 942 |
_2cdu _cBK |
||
| 999 |
_c4712 _d4712 |
||